Statistics for Random Leaders to Countries

Click here to take the quiz!

General Stats

  • This quiz has been taken 29 times
  • The average score is 17 of 21

Answer Stats

NameYears in powerCountry% Correct
Silvio Berlusconi2008-2011Italy
100%
Woodrow Wilson1913-1921United States
100%
Otto von Bismarck1871-1890Germany
96%
Saddam Hussein1979-2003Iraq
96%
Francisco Franco1939-1975Spain
93%
Juan Perón1946-1974Argentina
89%
Hu Jintao2003-2013China
89%
Ali Khamenei1981-1989Iran
89%
Mustafa Kemal Atatürk1923-1938Turkey
89%
Malcolm Turnbull2015-2018Australia
86%
Stephen Harper2006-2015Canada
86%
Georges Pompidou1969-1974France
86%
Leonid Brezhnev1964-1982USSR
82%
Sukarno1945-1967Indonesia
75%
Frederik Willem de Klerk1989-1994South Africa
75%
Alexander LukashenkoIncumbentBelarus
71%
Nursultan Nazarbayev1990-2019Kazakhstan
71%
Enver Hoxha1944-1985Albania
61%
Alberto Fujimori1990-2000Peru
57%
Porfirio Díaz1877-1880/1884-1911Mexico
54%
Jovenel MoïseIncumbentHaiti
25%

Score Distribution

Percentile by Number Answered

Percent of People with Each Score

Your Score History

You have not taken this quiz